<?xml version="1.0" encoding="UTF-8"?>
<marc:record xmlns:marc="http://www.loc.gov/MARC21/slim">
   <marc:leader>00000nam a2200000 a 4500</marc:leader>
   <marc:datafield ind1="1" ind2=" " tag="100">
      <marc:subfield code="a">Doctorow, E.L.</marc:subfield>
      <marc:subfield code="4">aut</marc:subfield>
      <marc:subfield code="e">Verfasser/-in</marc:subfield>
   </marc:datafield>
   <marc:datafield ind1=" " ind2=" " tag="653">
      <marc:subfield code="a">American Shelves</marc:subfield>
   </marc:datafield>
   <marc:datafield ind1=" " ind2=" " tag="653">
      <marc:subfield code="a">Amerikanische Botschaft</marc:subfield>
   </marc:datafield>
   <marc:datafield ind1=" " ind2=" " tag="653">
      <marc:subfield code="a">Englisch</marc:subfield>
   </marc:datafield>
   <marc:datafield ind1=" " ind2=" " tag="653">
      <marc:subfield code="a">FS.E</marc:subfield>
   </marc:datafield>
   <marc:datafield ind1=" " ind2=" " tag="653">
      <marc:subfield code="a">Psychologie</marc:subfield>
   </marc:datafield>
   <marc:datafield ind1=" " ind2=" " tag="653">
      <marc:subfield code="a">Roman</marc:subfield>
   </marc:datafield>
   <marc:datafield ind1=" " ind2=" " tag="653">
      <marc:subfield code="a">Teens &amp; Twens</marc:subfield>
   </marc:datafield>
   <marc:datafield ind1=" " ind2=" " tag="653">
      <marc:subfield code="a">amerikan. Englisch</marc:subfield>
   </marc:datafield>
   <marc:datafield ind1="0" ind2="0" tag="245">
      <marc:subfield code="a">Andrew's Brain</marc:subfield>
   </marc:datafield>
   <marc:datafield ind1="0" ind2="0" tag="245">
      <marc:subfield code="c">Doctorow, E.L.</marc:subfield>
   </marc:datafield>
   <marc:datafield ind1="1" ind2=" " tag="520">
      <marc:subfield code="a">This brilliant novel by the author of Ragtime, The Book of Daniel, Billy Bathgate and The March takes us on a radical trip into the mind of a man who, more than once, has been the inadvertent agent of disaster. Speaking from an unknown place and to an unknown interlocutor, Andrew is thinking, Andrew is talking, Andrew is telling the story of his life, his loves, and the events that have led him to this place and point in time. As he peels back the layers of his strange story we are led to question what we know about truth and memory, brain and mind, personality and fate, about one another and ourselves. Probing, mischievous and mesmerizing, Andrew's Brain is a singular achievement in the canon of an American master.&#xD;
&#xD;
Andrew, der an verschiedenen, meist unbekannten Orten lebt, erzählt anhand von Grübeleien, Geschwafeln und gelegentlich fragmentierten Geschichten die Geschichte seines Lebens und der Ereignisse, die ihn dorthin geführt haben, wo er gelandet ist. Da er scheinbar niemanden sonst in seinem Leben hat, spricht Andrew mit einer Person, vermutlich einem Psychiater, der nur als &#x84;Doc&#x93; bezeichnet wird und Andrew oft noch weiter in seine unzusammenhängende Erzählung hineinführt. Zwischen Liebestragödien, Gedanken darüber, was Bewusstsein ist, und einer Reihe unglücklicher Vorfälle geht Andrews Geschichte der Frage nach, wie viel Kontrolle der Einzelne über sein eigenes Leben hat und wie viel vom Leben Zufall oder Schicksal ist.</marc:subfield>
   </marc:datafield>
   <marc:datafield ind1=" " ind2=" " tag="020">
      <marc:subfield code="a">9780812980981</marc:subfield>
      <marc:subfield code="9">9780812980981</marc:subfield>
   </marc:datafield>
   <marc:datafield ind1=" " ind2=" " tag="020">
      <marc:subfield code="a">0812980980</marc:subfield>
      <marc:subfield code="9">0812980980</marc:subfield>
   </marc:datafield>
</marc:record>
